| 000 | 01666nam2a2200253 4500 | ||
|---|---|---|---|
| 001 | RU\NLR\BIBL_A\021980129 | ||
| 005 | 20250625073009.0 | ||
| 035 | _a(NLR Aleph) 021980129 | ||
| 090 |
_a12395840 _c12395840 |
||
| 100 | _a20081111f19141918|||y0rusy50 ca | ||
| 101 | 0 | _arus | |
| 102 | _aRU | ||
| 105 | _ay z 000ay | ||
| 200 | 1 |
_aПодросток _eроман в трёх частях _hч. 1 - 2 (начало) |
|
| 210 |
_d[между 1914 и 1918] _aБ. м. |
||
| 215 | _a[4], 413 с. | ||
| 316 |
_aЭкз. РНБ приплетен к: Полное собрание сочинений Ф. М. Достоевского, т. 13. Бесы, ч. 2 (оконч.) - 3. Петроград, [между 1914 и 1918] _5NLR |
||
| 461 | 0 |
_1001v19\rc\2062914 _12001#$aПолное собрание сочинений Ф. М. Достоевского$eс многочисленными приложениями$vТ. 14 _1700#1$aДостоевский$bФ. М.$f1821-1881$gФедор Михайлович$3RU\NLR\AUTH\77838 _94786981 _aДостоевский, Ф. М. (1821-1881) _cПетроград _d[1914-1918] _nПросвещение _oс многочисленными приложениями _tПолное собрание сочинений Ф. М. Достоевского _vТ. 14 |
|
| 482 | 0 |
_1001RU\NLR\BIBL_A\021980122 _912395819 _cБ. м. _d[между 1914 и 1918] _hч. 2 (оконч.) - 3 _oроман в трёх частях _p[4], 464, [1] с. _tПолное собрание сочинений Ф. М. Достоевского. - Бесы |
|
| 852 |
_aNLR _j64-3/223(14) |
||
| 942 | _cBOOK | ||
| 980 | _aNB | ||